000 004490000a22001810004500
003 MACL
005 20160129131229.0
008 160129b xxu||||| |||| 00| 0 eng d
040 _aMACL
_cMACL
041 _aEnglish
082 _a005.382/PAK
100 _aPrakash,Dev
_935320
245 _aUNIX Concepts and applications
260 _aNew Delhi
_bCyber Tech
_c2001
350 _a205
650 _acomputer lag.
_935298
942 _cBK
_k005.382
_2ddc
999 _c47397
_d47397